000 00305nam a22001337a 4500
020 _a81-901877-0-8
041 _aENG
100 _aPatil.S.C
245 _aVachan Sahitya Raddabatal Dhoran
260 _aDevagad
_bChAYA Sitaram Patil
_c2003
300 _a106
650 _aMarathi
856 _uMarathi ( 33 )
999 _c2229
_d2229